| 000 | 01313nam a2200337 a 4500 | ||
|---|---|---|---|
| 001 | ebr10480259 | ||
| 003 | CaPaEBR | ||
| 006 | m u | ||
| 007 | cr cn||||||||| | ||
| 008 | 110128s2010 si ad sb 000 0 eng d | ||
| 010 | _z 2010284597 | ||
| 020 | _z9814313882 | ||
| 020 | _z9789814313889 | ||
| 020 | _z9789814313896 (e-book) | ||
| 040 |
_aCaPaEBR _cCaPaEBR |
||
| 035 | _a(OCoLC)714877629 | ||
| 050 | 1 | 4 |
_aQ295 _b.D546 2010eb |
| 100 | 1 | _aDiMario, Michael J. | |
| 245 | 1 | 0 |
_aSystem of systems collaborative formation _h[electronic resource] / _cMichael J. DiMario. |
| 260 |
_aSingapore ; _aHackensack, N.J. : _bWorld Scientific Pub. Co., _cc2010. |
||
| 300 |
_axv, 200 p. : _bill. (some col.). |
||
| 490 | 1 |
_aSystems research series ; _vv. 1 |
|
| 504 | _aIncludes bibliographical references (p. 193-200). | ||
| 533 |
_aElectronic reproduction. _bPalo Alto, Calif. : _cebrary, _d2013. _nAvailable via World Wide Web. _nAccess may be limited to ebrary affiliated libraries. |
||
| 650 | 0 | _aSystem theory. | |
| 650 | 0 | _aSystems engineering. | |
| 655 | 7 |
_aElectronic books. _2local |
|
| 710 | 2 | _aebrary, Inc. | |
| 830 | 0 |
_aSystems research series ; _vv. 1. |
|
| 856 | 4 | 0 |
_uhttp://site.ebrary.com/lib/rucke/Doc?id=10480259 _zAn electronic book accessible through the World Wide Web; click to view |
| 999 |
_c118313 _d118313 |
||